| 000 | 00493nam a2200181Ia 4500 | ||
|---|---|---|---|
| 008 | 230711s9999||||xx |||||||||||||| ||und|| | ||
| 020 | _a978-1-4398-5377-1 | ||
| 041 | _aENG | ||
| 082 |
_a621.314 _bKU-T |
||
| 100 | _aKulkarni,S V | ||
| 245 | 0 | _aTransformer engineering : Design,technology and diagnostics | |
| 250 | _a2nd Ed. | ||
| 260 |
_c2013 _aNew York _bCRC Press Taylor & Francis Group |
||
| 300 | _a730p. | ||
| 650 | _aElectrical Engineering | ||
| 700 | _aKhaparde,S.A | ||
| 942 | _cBK | ||
| 999 |
_c6260 _d6260 |
||